[Event "Cappelle Online Bullet op"]
[Site "Europe Echecs INT"]
[Date "2021.03.05"]
[Round "1"]
[White "Pallaro, Jean Yves"]
[Black "Dardha, Arben"]
[Result "0-1"]
[WhiteElo "1366"]
[BlackElo "2227"]
[PlyCount "64"]
[EventDate "2021.03.05"]
[EventType "swiss (blitz)"]
[EventRounds "15"]
[EventCountry "FRA"]
[SourceTitle "EXT 2022"]
[Source "ChessBase"]
[SourceDate "2021.10.06"]
[SourceVersion "1"]
[SourceVersionDate "2021.10.06"]
[SourceQuality "1"]

1. g3 g6 2. Bg2 Bg7 3. f4 Nf6 4. c3 0-0 5. d4 c5 6. e3 c4 7. Bd2 b5 8. Qe2 Nc6 9. Nf3 Bb7 10. 0-0 d6 11. Ne5 d5 12. Nxc6 Bxc6 13. a4 bxa4 14. Na3 Rb8 15. Bc1 Ne4 16. Re1 Qb6 17. Bxe4 dxe4 18. Qg4 f5 19. Qe2 Bd5 20. Kg2 Qb3 21. Bd2 Qxb2 22. Reb1 Qxa3 23. Rxa3 Rxb1 24. Ra2 Rfb8 25. Rc2 a3 26. Ra2 R1b2 27. Rxa3 Rc2 28. Rxa7 Rbb2 29. Rxe7 Rxd2 30. Re8+ Kf7 31. Re5 Rxe2+ 32. Kh3 Rxh2# 0-1